Pedagogía de la tierra y cultura de la sustentabilidad

En este artículo, el autor, situado en el escenario de la globalización, plantea la necesidad de una educación basada en el principio de sustentabilidad, cuestión que supone una sociedad que dé solución a los problemas ambientales y sociales de manera simultánea. Para Godotti, una educación sustenta...

Full description

Bibliographic Details
Main Author: Gadotti, Moacir
Format: Analitica de revista
Language:Spanish
Published: Santiago, Chile: Universidad Academia de Humanismo Cristiano, 2003.
Subjects:
Online Access:Disponible en línea (PDF). Biblioteca Digital UAHC

MARC

LEADER 00000cab a2200000 a 4500
001 035948
003 UAHC_CL
005 20210909175951.0
008 140729b2003 cl 000 spa
952 |0 0  |1 0  |4 0  |6 PAULO_FREIRE02_03_000000000000000  |7 0  |8 COMP  |9 68564  |a BC  |b BC  |c Hemeroteca  |d 2017-08-03  |l 0  |o PAULO FREIRE-02/03  |r 2018-01-23 00:00:00  |w 2017-08-03  |y REVA 
999 |c 35948  |d 35948 
040 |a UAHC_CL  |c UAHC_CL  |d UAHC_CL 
100 |a Gadotti, Moacir  |9 5819 
245 1 0 |a Pedagogía de la tierra y cultura de la sustentabilidad  |c Moacir Gadotti. 
260 |a Santiago, Chile:  |b Universidad Academia de Humanismo Cristiano,  |c 2003. 
300 |a p. 61-76 
362 0 |a Año 2, no. 2 (dic. 2003)- 
500 |a En: Paulo Freire, revista de pedagogía crítica, No 2, 2003. pp. 61-76. ISSN 07179065. 
520 |a En este artículo, el autor, situado en el escenario de la globalización, plantea la necesidad de una educación basada en el principio de sustentabilidad, cuestión que supone una sociedad que dé solución a los problemas ambientales y sociales de manera simultánea. Para Godotti, una educación sustentable asociada a la planetariedad supone una pedagogía de la tierra que reeduque al hombre y la mujer, prisioneros de una cultura predatoria, avanzando más allá de considerar a la tierra como espacio del sustento y del dominio técnico-tecnológico. 
650 0 |a Sustentabilidad  |9 224 
650 0 |a Educación  |9 79 
650 0 |a Globalización  |9 2433  |x Aspectos ambientales 
773 0 |t Paulo Freire : revista de pedagogía crítica  |w 035937 
856 |u http://bibliotecadigital.academia.cl/xmlui/handle/123456789/1628  |y Disponible en línea (PDF). Biblioteca Digital UAHC 
900 |a PAULO FREIRE-02/03 
942 |c REVA